Мультирезонансные поляризационные системы на основе метаповерхностей: автореферат диссертации на соискание ученой степени кандидата физико-математических наук; спец. 01.04.07

Detalles Bibliográficos
Autor principal: Гайдук А. Е. Алексей Евгеньевич
Autor Corporativo: Российская академия наук Сибирское отделение Институт физики полупроводников
Otros Autores: Принц В. Я. Виктор Яковлевич (научный руководитель)
Sumario:Защита сост. 14.09.2021 г.
Lenguaje:ruso
Publicado: Новосибирск, [Б. и.], 2021
Materias:
Formato: Libro
KOHA link:https://koha.lib.tpu.ru/cgi-bin/koha/opac-detail.pl?biblionumber=346620

MARC

LEADER 00000nam0a2200000 4500
001 346620
005 20231102005915.0
035 |a (RuTPU)RU\TPU\book\378503 
090 |a 346620 
100 |a 20211027d2021 k y0rusy50 ca 
101 0 |a rus 
102 |a RU 
105 |a a dm 001zy 
200 1 |a Мультирезонансные поляризационные системы на основе метаповерхностей  |e автореферат диссертации на соискание ученой степени кандидата физико-математических наук  |e спец. 01.04.07  |f А. Е. Гайдук  |g Российская академия наук. Сибирское отделение. Институт физики полупроводников; науч. рук. В. Я. Принц 
210 |a Новосибирск  |c [Б. и.]  |d 2021 
215 |a 19 с.  |c ил. 
300 |a Защита сост. 14.09.2021 г. 
320 |a Библиогр.: с. 18-19 (11 назв.) 
606 1 |a Электромагнитное излучение  |2 stltpush  |3 (RuTPU)RU\TPU\subj\20156  |9 45277 
610 1 |a метаповерхности 
610 1 |a электромагнитные среды 
610 1 |a метапознание 
610 1 |a электромагнитный резонанс 
610 1 |a спектральные свойства 
610 1 |a авторефераты диссертаций 
675 |a 537.531(04)  |v 4 
686 |a 01.04.07  |2 oksvnk 
700 1 |a Гайдук  |b А. Е.  |g Алексей Евгеньевич 
702 1 |a Принц  |b В. Я.  |g Виктор Яковлевич  |4 727 
712 0 2 |a Российская академия наук  |b Сибирское отделение  |b Институт физики полупроводников  |c (Новосибирск)  |2 stltpush  |3 (RuTPU)RU\TPU\col\197  |9 23267 
801 1 |a RU  |b 63413507  |c 20211027 
801 2 |a RU  |b 63413507  |c 20211203  |g RCR 
942 |c BK